000 02854aam a2200649 a 4500
001 2938321
005 20240105161747.0
008 120830s2012 maua c b 001 0beng d
020 _a9780763664275 (hbk.) :
_c$14.99
020 _a0763664278 (hbk.) :
_c$14.99
020 _a0763660914 (pbk.) :
_c$4.99
020 _a9780763660918 (pbk.) :
_c$4.99
035 _a1758873
035 _a(OCoLC)ocn808772103
035 _a(OCoLC)808772103
_z(OCoLC)809031274
035 _a1758873
035 _a1796434
035 _a1796434
040 _aYDXCP
_cYDXCP
_dXY4
_dOCLCO
_dTnLvILS
_erda
043 _an-us---
049 _aIGAA
082 0 4 _a811/.1
_aB
_223
092 _ajunior nonfiction
_b92 Wheatley
100 1 _aLasky, Kathryn
_911517
245 1 2 _aA voice of her own :
_bthe story of Phillis Wheatley, slave poet / Kathryn Lasky ; illustrated by Paul Lee.
250 _a2nd pbk. ed.
260 _aSomerville, Mass. :
_bCandlewick Press,
_c[2012]
264 _aSomerville, Mass. :
_bCandlewick Press,
_c2012.
300 _a38 p. :
_bill. (chiefly col.) ;
_c24 cm.
490 0 _aCandlewick biographies
504 _aIncludes bibliographical references (p. 36) and index.
520 _aA biography of an African girl brought to New England as a slave in 1761 who became famous on both sides of the Atlantic as the first Black poet in America.
521 1 _a8-12
_bBrodart.
521 2 _a3-7
_bBrodart.
526 0 _aAccelerated Reader
_bMG
_c5.9
_d1.
600 1 0 _aWheatley, Phillis,
_d1753-1784
_vJuvenile literature.
_96479992
600 1 0 _aWheatley, Phillis,
_d1753-1784.
_95832444
650 0 _aPoets, American
_yColonial period, ca. 1600-1775
_vBiography
_vJuvenile literature.
_96479993
650 0 _aAfrican American women poets
_vBiography
_vJuvenile literature.
_96442044
650 0 _aEnslaved persons
_zUnited States
_vBiography
_vJuvenile literature.
_96478114
650 0 _aAfrican American poets
_vBiography
_vJuvenile literature.
_96412795
650 1 _aPoets, American.
650 1 _aEnslaved persons
_96478116
650 0 _aAfrican Americans
_vBiography.
_95675868
650 1 _aWomen
_vBiography.
_95693689
650 7 _aJUVENILE NONFICTION / Biography & Autobiography / Literary
_2bisacsh
_95731873
650 7 _aJUVENILE NONFICTION / History / United States / Colonial & Revolutionary Periods
_2bisacsh
_95731882
650 7 _aJUVENILE NONFICTION / People & Places / United States / African American & Black.
_2bisacsh
_96436635
700 1 _aLee, Paul.
_95926662
942 _2ddc
_cBOOK
999 _c392016
_d392016